01134 2200301 4500001002100000005001500021035002000036007000300056008004100059020002200100082001200122084001800134100002000152245006100172250001100233260003600244300002600280650003500306650002500341504001700366520029300383990002600676990002600702990002600728990002600754990002600780990002600806INLIS00000000001027020220106085608 a0010-0122000004ta220106 g 0 ind  a978-979-007-920-5 a328.378 a328.378 RIO o0 aRio Christiawan1 aOmnibus law :bteori dan penerapannya /cRio Christiawan aCet. 1 aJakarta :bSinar Grafika,c2021 axv, 216 hlm. ;c20 cm 4aPerundang-undangan - Indonesia 4aHukum - Interpretasi ahlm. 203-214 aBuku ini berisi latar belakang pembentukan omnibus law di Indonesia, khususnya pembentukanomnibus law pada masa serelah orde reformasi, termasuk mengulas dampak banyaknya peraturan perundang-undangan yang berlaku sejak masa penjajahan Belanda dan ketika Indonesia merdeka pada tahun 1945. a26571/MKRI-P/XII-2021 a26572/MKRI-P/XII-2021 a26572/MKRI-P/XII-2021 a26571/MKRI-P/XII-2021 a26571/MKRI-P/XII-2021 a26572/MKRI-P/XII-2021